000 00675cam a2200229 4500
001 ABS66686
008 030529n2003 000 0 eng u
035 _a(Sirsi) u122463
245 _aLondon supplement
260 _c2003
490 _aProperty Week Supplement
_v 68(18) 9 May 2003 (LOAN)
590 _aABS
650 _aLONDON
650 _aPROPERTY-COMMERCIAL PROPERTY-RETAIL PROPERTY-RETAIL PROPERTY MARKET
650 _aTRANSPORT INTERCHANGES
650 _aPROPERTY DEVELOPERS
650 _aLONDON BOROUGHS
650 _aPLANNING POLICY
650 _aRECRUITMENT TRENDS
690 _aPROPERTY-COMMERCIAL PROPERTY-COMMERCIAL PROPERTY MARKET
942 _n0
999 _c72787
_d72787